| 000 | 01167cam a2200373 i 4500 | ||
|---|---|---|---|
| 001 | 200460850 | ||
| 003 | TR-AnTOB | ||
| 005 | 20241115101531.0 | ||
| 007 | ta | ||
| 008 | 240607t19941993gw a 001 0 eng | ||
| 020 |
_a3794515021 _q(hardback) |
||
| 035 | _a(OCoLC)13904433 | ||
| 035 | _a(TR-AnTOB)200460850 | ||
| 040 |
_aDNLM _beng _erda _cDNLM _dTR-AnTOB |
||
| 041 | 0 | _aeng | |
| 060 | 0 | 0 |
_aQS 17 _bR737 1994 |
| 096 |
_aQS17 _bR737 1994 |
||
| 100 | 1 |
_aRohen, Johannes W. _q(Johannes Wilhelm) _eauthor _9145699 |
|
| 245 | 1 | 0 |
_aHuman anatomy : _bphotographic atlas of systematic and regional anatomy / _cby Johannes W. Rohen and Chihiro Yokochi. |
| 250 | _aThird edition. | ||
| 264 | 1 |
_aStuttgart ; _aNew York : _bSchattauer, _c1994. |
|
| 264 | 4 | _c©1993 | |
| 300 |
_ax, 484 pages : _billustrations ; _c30 cm |
||
| 336 |
_atext _btxt _2rdacontent |
||
| 337 |
_aunmediated _bn _2rdamedia |
||
| 338 |
_avolume _bnc _2rdacarrier |
||
| 500 | _aIncludes index. | ||
| 500 | _aCoeditions in 11 languages. | ||
| 650 | 2 |
_aAnatomy _9104922 |
|
| 655 | 2 |
_aAtlas _9143319 |
|
| 700 | 1 |
_aYokochi, Chihiro _eauthor _9145700 |
|
| 942 |
_2NLM _cBK |
||
| 999 |
_c200460850 _d79062 |
||